000 00376nam a22001577a 4500
003 MACL
005 20151121140052.0
008 151121b xxu||||| |||| 00| 0 eng d
040 _cMACL
041 _aEnglish
082 _a080/SIN
100 _dSinha,Surya
_917747
245 _aComplete Personality Development Course
650 _aMotivational
_917686
942 _2ddc
_cBK
999 _c50824
_d50824